000 00349 a2200109 4500
020 _a0471929565
082 _a624.171 CRI
100 _aCrisfield, M. A.
245 _aNon Linear Finite Element Analysus of Solids and Structures [ vol 2]
_cM. A. Crisfield
260 _aEngland :
_bJohn Wiley and Sons,
_c1991
300 _axv, 345p. :
_bill. ;
_c28 cm
650 _aStructural Analysis
999 _c1238
_d1238